| 000 | 00436nam a22001577a 4500 | ||
|---|---|---|---|
| 020 | _a9789383498086 | ||
| 082 |
_aM 907.2 _bRAG/M |
||
| 100 | _aRaghava Warrier M R | ||
| 245 |
_aMalayali charithra bodham; _bKolanivazhchakku munpu/ _cby Raghava Warrier M R |
||
| 260 |
_aKottayam: _bVallathol vidyapeetham, _c2013. |
||
| 300 | _a30p. | ||
| 650 | _aHistorical Research | ||
| 650 | _aHistoriography | ||
| 650 | _aHistory | ||
| 942 | _cBK | ||
| 999 |
_c63989 _d63989 |
||